| 000 | 00800nam a2200253 a 4500 | ||
|---|---|---|---|
| 999 |
_c7007 _d7007 |
||
| 001 | 3188 | ||
| 003 | BD-DhUAP | ||
| 005 | 20210112122922.0 | ||
| 008 | 210112r20001999ii a 001 0 eng d | ||
| 020 | _a0074635425 | ||
| 040 |
_aBD-DhAAL _cBD-DhAAL _bEng _dBD-DhUAP |
||
| 082 | 0 | 0 |
_a006.76 BAL _223 |
| 100 | _aBalagurusamy, E. | ||
| 245 | 1 | 0 |
_aProgramming with JAVA : _ba primer / _cE. Balagurusamy. |
| 250 | _a2nd ed. | ||
| 260 |
_aNew Delhi : _bTata McGraw-Hill, _cc1999 [Reprinted 2000]. |
||
| 300 |
_axxx, 453 pages : _billustrations ; _c24 cm. |
||
| 504 | _aIncludes bibliographical references and index. | ||
| 650 | 0 | _aComputer science. | |
| 650 | 0 | _aJava (Computer program language). | |
| 650 | 0 | _aInternet programming. | |
| 942 |
_2ddc _cBK |
||